Loading...

The structure of literary understanding /

Bibliographic Details
Main Author: Olsen, Stein Haugom
Format: Printed Book
Language:English
Published: Cambridge, [Eng.] ; New York : Cambridge University Press, 1978.
Subjects:
LEADER 00940eam a2200277 i 4500
008 781001s1978 enk b 001 0 eng
010 |a  77077719  
020 |a 0521217318 
035 |a (CStRLIN)NYCG8210209-B 
035 |a (NNC)131470 
035 |a (OCoLC)4907988 
035 |a (OCoLC)ocm04907988 
082 |a 820.9 OLS/S 
100 1 |a Olsen, Stein Haugom, 
245 1 4 |a The structure of literary understanding /  |c Stein Haugom Olsen. 
260 |a Cambridge, [Eng.] ;  |a New York :  |b Cambridge University Press,  |c 1978. 
300 |a xi, 235 p. ;  |c 23 cm. 
500 |a Includes index. 
504 |a Bibliography: p. 224-228. 
650 0 |a Criticism. 
650 0 |a Literature  |x Aesthetics. 
650 0 |a Literature  |x Philosophy. 
900 |a AUTH 
942 |2 ddc  |c BK 
999 |c 192592  |d 192592 
952 |0 0  |1 0  |4 0  |6 820_900000000000000_OLS_S  |7 0  |9 212548  |a ENG  |b ENG  |c ST1  |d 2016-01-05  |i 14101  |l 0  |o 820.9 OLS/S  |p ENG14101  |r 2016-01-05  |w 2016-01-05  |y BK